Intellectual capital disclosure in corporate annual reports an empirical exploration

Bibliographic Details
Main Author: Bernadič, Branislav (Author)
Format: Book
Language:English
PhysicalDescription:152 strán grafy, tabuľky 22 cm
Published: Saarbrücken LAP LAMBERT Academic Publishing 2016
ISBN:9783659847851
Subjects:

MARC

LEADER 00000cam a2200000 4500
001 vtls011992395
003 SK-MaSNL
005 20260302061242.0
008 220107s2016 gw d frn 000 0 eng
015 |a SNBZSA2021/01 
020 |a 9783659847851  |q (brožované) 
035 |a urn:nbn:sk:snk-am00fgr3 
035 |a urn:nbn:sk:snk-am3iyrw 
035 |a 7B638446-D24D-4399-A8A7-35D1D1222F12 
040 |a SNK  |b slo  |c SNK  |e rda 
041 0 |a eng 
044 |a gw  |c DE 
072 7 |a 005  |x Manažment. Riadenie  |2 konspekt 
080 |a (047.1)  |2 2011 
080 |a 005.71  |2 2011 
080 |a 165.321+167.33  |2 2011 
080 |a (048.8)  |2 2011 
100 1 |a Bernadič, Branislav  |4 aut  |9 546790 
245 1 0 |a Intellectual capital disclosure in corporate annual reports  |b an empirical exploration  |c Branislav Bernadič 
264 1 |a Saarbrücken  |b LAP LAMBERT Academic Publishing  |c 2016 
300 |a 152 strán  |b grafy, tabuľky  |c 22 cm 
336 |a text  |b txt  |2 rdacontent 
337 |a bez média  |b n  |2 rdamedia 
338 |a zväzok  |b nc  |2 rdacarrier 
504 |a Obsahuje bibliografiu 
650 0 7 |a výročné správy  |2 SNKPH  |9 79433 
650 0 7 |a firmy  |2 SNKPH  |9 2190 
650 0 7 |a intelektuálny kapitál  |2 SNKPH  |9 236318 
650 0 7 |a Annual reports  |2 SNKPHeng  |9 390749 
650 0 7 |a Business enterprises  |2 SNKPHeng  |9 265529 
650 0 7 |a empirický výskum  |2 SNKPH  |9 70975 
650 0 7 |a Empiric research  |2 SNKPHeng  |9 345916 
655 7 |a monografie  |2 SNKPH  |9 70139 
655 7 |a Monographs  |2 SNKPHeng  |9 120675 
919 |a 978-3-659-84785-1 
958 |a NB 
958 |a ZS 
999 |c 1124580  |d 1126510 
952 |a SNK  |b SNK  |y PREZ  |7 0  |p 17A1442980  |o snkSC 190339  |i snk2020/16371  |8 3  |g 66.79  |0 0  |1 0  |4 0  |d 2020-09-17  |f 1  |l 0  |r 2025-10-07 00:00:00  |w 2026-02-24